| 000 | 00514cam a2200193ua 4500 | ||
|---|---|---|---|
| 020 |
_a81 85167 13 3 _c200.00 |
||
| 041 |
_aeng _h |
||
| 082 |
_a665.776 _bMAT/MA |
||
| 100 | _aMathur, A.N. | ||
| 245 |
_aManagement and utilization of biogas plant slurry / _cA N Mathur. _hTextual Documents |
||
| 250 |
_a1 / _b. |
||
| 260 |
_aNew Delhi : _bHimanshu Publications , _c1988. |
||
| 300 | _a221 ; . | ||
| 365 | _a200.00 | ||
| 504 | _a | ||
| 700 | 1 | _aVarma, L N . | |
| 942 | _cBK | ||
| 999 |
_c11029 _d11029 |
||